[Event "AUT-ch Blitz"]
[Site "Innsbruck"]
[Date "2024.06.01"]
[Round "6"]
[White "Falkensteiner, Benjamin"]
[Black "Schwarz, Benedikt"]
[Result "0-1"]
[WhiteElo "1815"]
[BlackElo "1950"]
[PlyCount "78"]
[EventDate "2024.06.01"]
[EventType "swiss (blitz)"]
[EventRounds "11"]
[EventCountry "AUT"]
[SourceTitle "CBM 220 Extra"]
[Source "ChessBase"]
[SourceDate "2024.07.31"]
[SourceVersion "1"]
[SourceVersionDate "2024.07.31"]
[SourceQuality "1"]

1. e4 e6 2. Nf3 d5 3. Nc3 Nf6 4. e5 Nfd7 5. d4 c5 6. dxc5 Bxc5 7. Bd3 Nc6 8. Bf4 a6 9. 0-0 b5 10. a3 h6 11. h3 0-0 12. Qd2 Bb7 13. Bxh6 Ncxe5 14. Nxe5 Nxe5 15. Bf4 Nxd3 16. Qxd3 Qf6 17. Be3 Bxe3 18. fxe3 Qg5 19. Rf2 Rac8 20. Qe2 Rc4 21. Raf1 f6 22. Qd3 Bc6 23. b3 Rh4 24. Kh2 Be8 25. Ne2 Qe5+ 26. Kh1 Rh6 27. Nf4 g5 28. Ne2 Bg6 29. Qd2 g4 30. Ng1 gxh3 31. Nxh3 Bf5 32. Rf3 Kg7 33. Qf2 Rfh8 34. Rg3+ Kf7 35. Qf3 Be4 36. Qg4 Rg6 37. Qe2 Rxg3 38. Kg1 Bxg2 39. Qxg2 Rxg2+ 0-1

[Event "AUT-ch Blitz"]
[Site "Innsbruck"]
[Date "2024.06.01"]
[Round "10"]
[White "Kondrak, Christof"]
[Black "Schwarz, Benedikt"]
[Result "1-0"]
[WhiteElo "2066"]
[BlackElo "1950"]
[PlyCount "61"]
[EventDate "2024.06.01"]
[EventType "swiss (blitz)"]
[EventRounds "11"]
[EventCountry "AUT"]
[SourceTitle "CBM 220 Extra"]
[Source "ChessBase"]
[SourceDate "2024.07.31"]
[SourceVersion "1"]
[SourceVersionDate "2024.07.31"]
[SourceQuality "1"]

1. d4 f5 2. Nf3 Nf6 3. Bf4 g6 4. e3 Bg7 5. c4 d6 6. h3 0-0 7. Nc3 c6 8. Be2 Nbd7 9. Rc1 Nh5 10. Bh2 e5 11. 0-0 f4 12. b4 Qe7 13. c5 dxc5 14. bxc5 e4 15. Nd2 f3 16. gxf3 exf3 17. Bxf3 Qg5+ 18. Kh1 Qh4 19. Bxh5 gxh5 20. Nf3 Qxh3 21. Ng5 Qf5 22. Nge4 Nf6 23. Nd6 Qh3 24. f3 Nd5 25. Nxd5 cxd5 26. Qe2 Bd7 27. Qg2 Qe6 28. Rg1 Qf6 29. Be5 Qh4+ 30. Qh2 Qxh2+ 31. Kxh2 1-0

[Event "AUT-ch Blitz"]
[Site "Innsbruck"]
[Date "2024.06.01"]
[Round "3"]
[White "Schwarz, Benedikt"]
[Black "Wetscher, Wolfgang"]
[Result "0-1"]
[WhiteElo "1950"]
[BlackElo "2051"]
[PlyCount "86"]
[EventDate "2024.06.01"]
[EventType "swiss (blitz)"]
[EventRounds "11"]
[EventCountry "AUT"]
[SourceTitle "CBM 220 Extra"]
[Source "ChessBase"]
[SourceDate "2024.07.31"]
[SourceVersion "1"]
[SourceVersionDate "2024.07.31"]
[SourceQuality "1"]

1. d4 c6 2. c4 Qc7 3. e4 d6 4. Nc3 Nd7 5. Nf3 Ngf6 6. Be3 e5 7. Be2 Be7 8. 0-0 0-0 9. d5 a5 10. a3 Re8 11. b4 axb4 12. axb4 Rxa1 13. Qxa1 Nf8 14. Rc1 Ng6 15. h3 Bd7 16. c5 Bf8 17. cxd6 Qxd6 18. Bc5 Qb8 19. Bxf8 Rxf8 20. Qa5 Rc8 21. Nd2 cxd5 22. exd5 Nf4 23. Bf3 Bxh3 24. gxh3 Nxh3+ 25. Kf1 e4 26. Ndxe4 Nxe4 27. Bxe4 Qf4 28. Rc2 g6 29. Qa1 Ng5 30. Qc1 Qxc1+ 31. Rxc1 Nxe4 32. Na2 Rxc1+ 33. Nxc1 Kf8 34. Ke2 Ke7 35. Kd3 Nxf2+ 36. Kd4 h5 37. Ke5 h4 38. d6+ Kd7 39. Ne2 h3 40. Ng3 h2 41. Kf6 h1Q 42. Nxh1 Nxh1 43. Kxf7 g5 0-1

[Event "Tirol Landesliga 2223"]
[Site "Austria"]
[Date "2023.03.12"]
[Round "8.6"]
[White "Schwarz, Benedikt"]
[Black "Hiessl, Helmut"]
[Result "1-0"]
[WhiteElo "1834"]
[BlackElo "1616"]
[PlyCount "89"]
[EventDate "2022.10.01"]
[EventType "team-tourn"]
[EventRounds "9"]
[EventCountry "AUT"]
[SourceTitle "EXT 2024"]
[Source "ChessBase"]
[SourceDate "2023.10.10"]
[SourceVersion "1"]
[SourceVersionDate "2023.10.10"]
[SourceQuality "1"]
[WhiteTeam "Absam"]
[BlackTeam "Rochade Rum"]
[WhiteTeamCountry "AUT"]
[BlackTeamCountry "AUT"]

1. d4 d5 2. Bf4 Nf6 3. e3 e6 4. c3 Bd6 5. Bg3 b6 6. Nd2 a5 7. Ngf3 h6 8. Ne5 0-0 9. Bd3 Ba6 10. Bxa6 Rxa6 11. Qe2 Ra8 12. 0-0 c5 13. f4 c4 14. e4 Nfd7 15. exd5 exd5 16. Qf3 Nf6 17. Nexc4 Ra7 18. Nxd6 Qxd6 19. f5 Qc6 20. Rfe1 Re8 21. Rxe8+ Qxe8 22. Re1 Qd8 23. Bh4 Rd7 24. Bxf6 Qxf6 25. Re8+ Kh7 26. Rxb8 Qg5 27. Nf1 Qf6 28. Re8 b5 29. Re5 Qc6 30. Ne3 f6 31. Re6 Qb7 32. Qh5 Rd8 33. Qg6+ Kh8 34. Re8+ Rxe8 35. Qxe8+ Kh7 36. Qe6 b4 37. Qxd5 Qc7 38. Qc5 Qf4 39. Nf1 bxc3 40. bxc3 a4 41. a3 Qc1 42. d5 h5 43. d6 h4 44. h3 g5 45. d7 1-0

[Event "AUT-ch Vor4 Internet"]
[Site "Playchess.com INT"]
[Date "2020.04.25"]
[Round "1"]
[White "Kravanja, Georg"]
[Black "Schwarz, Benedikt"]
[Result "1-0"]
[WhiteElo "2199"]
[BlackElo "1815"]
[PlyCount "91"]
[EventDate "2020.04.25"]
[EventType "swiss (blitz)"]
[EventRounds "9"]
[EventCountry "AUT"]
[SourceTitle "EXT 2021"]
[Source "ChessBase"]
[SourceDate "2020.10.23"]
[SourceVersion "1"]
[SourceVersionDate "2020.10.23"]
[SourceQuality "1"]

1. d4 Nf6 2. c4 e6 3. g3 b6 4. Bg2 Nc6 5. d5 Bb4+ 6. Bd2 Bxd2+ 7. Qxd2 exd5 8. cxd5 Na5 9. d6 Bb7 10. Qe3+ Kf8 11. Nf3 cxd6 12. 0-0 g6 13. Qh6+ Kg8 14. Nc3 Qf8 15. Qf4 Kg7 16. Rfd1 d5 17. Ne5 Qe7 18. Ng4 Nxg4 19. Qxg4 Rhe8 20. e3 Rac8 21. Nxd5 Bxd5 22. Rxd5 Qe6 23. Qd4+ Kg8 24. Rxd7 Nc6 25. Qd6 Qxd6 26. Rxd6 Ne5 27. Rd2 Nc4 28. Rc2 Ne5 29. Rac1 Rxc2 30. Rxc2 Rd8 31. Kf1 Nd3 32. Rd2 Rd7 33. Bc6 Rc7 34. Rxd3 Rxc6 35. Rc3 Rd6 36. Ke2 Rd7 37. f4 f5 38. Rc4 Kf7 39. e4 Kf6 40. e5+ Ke6 41. Rc3 h6 42. Rd3 Rc7 43. Rd6+ Kf7 44. Kd2 g5 45. Rxh6 gxf4 46. Rh7+ 1-0

[Event "AUT-ch Vor4 Internet"]
[Site "Playchess.com INT"]
[Date "2020.04.25"]
[Round "7"]
[White "Schwarz, Benedikt"]
[Black "Galler, Alexander"]
[Result "0-1"]
[WhiteElo "1815"]
[BlackElo "1772"]
[PlyCount "52"]
[EventDate "2020.04.25"]
[EventType "swiss (blitz)"]
[EventRounds "9"]
[EventCountry "AUT"]
[SourceTitle "EXT 2021"]
[Source "ChessBase"]
[SourceDate "2020.10.23"]
[SourceVersion "1"]
[SourceVersionDate "2020.10.23"]
[SourceQuality "1"]

1. d4 d5 2. Bf4 Nf6 3. e3 e6 4. Nf3 Bd6 5. Bg3 0-0 6. Nbd2 b6 7. c3 Bb7 8. Bd3 Ne4 9. Ne5 Nd7 10. Qc2 f5 11. 0-0-0 Nxe5 12. dxe5 Be7 13. Bxe4 fxe4 14. Nxe4 Qe8 15. Nd2 c5 16. Nf3 Qg6 17. Bh4 Qxc2+ 18. Kxc2 Bxh4 19. Nxh4 Rxf2+ 20. Rd2 Raf8 21. Nf3 Rxd2+ 22. Kxd2 h6 23. Ke2 g5 24. Rf1 Ba6+ 25. Ke1 Bxf1 26. Kxf1 g4 0-1

[Event "AUT-ch Vor2 Internet"]
[Site "Playchess.com INT"]
[Date "2020.04.13"]
[Round "6"]
[White "Schwarz, Benedikt"]
[Black "Rampler, Evelyn"]
[Result "1-0"]
[WhiteElo "1815"]
[BlackElo "1806"]
[PlyCount "39"]
[EventDate "2020.04.13"]
[EventType "swiss (blitz)"]
[EventRounds "9"]
[EventCountry "AUT"]
[SourceTitle "CBM 195 Extra"]
[Source "ChessBase"]
[SourceDate "2020.05.31"]
[SourceVersion "1"]
[SourceVersionDate "2020.05.31"]
[SourceQuality "1"]

1. d4 d5 2. Bf4 Nf6 3. e3 e6 4. Nf3 Nbd7 5. c3 Be7 6. Nbd2 0-0 7. Ne5 Nxe5 8. dxe5 Nd7 9. Bd3 Nc5 10. Bc2 b6 11. h4 Ba6 12. Bxh7+ Kxh7 13. Qh5+ Kg8 14. Nf3 Nd3+ 15. Kd2 Nxf4 16. exf4 Qd7 17. Ng5 Bxg5 18. hxg5 f5 19. g6 Rfd8 20. Qh8# 1-0

[Event "Innsbruck op-B 2nd"]
[Site "Innsbruck"]
[Date "2018.08.30"]
[Round "7"]
[White "Schwarz, Benedikt"]
[Black "Karall, Lorenz"]
[Result "1/2-1/2"]
[WhiteElo "1677"]
[BlackElo "1888"]
[PlyCount "138"]
[EventDate "2018.08.24"]
[EventType "swiss"]
[EventRounds "9"]
[EventCountry "AUT"]
[SourceTitle "CBM 186 Extra"]
[Source "ChessBase"]
[SourceDate "2018.08.24"]
[SourceVersion "1"]
[SourceVersionDate "2018.08.24"]
[SourceQuality "1"]

1. d4 d6 2. Bf4 c6 3. Nc3 Nd7 4. e4 e5 5. dxe5 dxe5 6. Bg3 Qc7 7. a3 g6 8. Bc4 Bg7 9. Nf3 Bf6 10. Qd2 h6 11. 0-0-0 Kf8 12. Qd6+ Qxd6 13. Rxd6 Be7 14. Rd2 Nb6 15. Nxe5 Nxc4 16. Nxc4 g5 17. Bd6 Be6 18. Bxe7+ Nxe7 19. Nd6 b6 20. h4 Ng6 21. hxg5 hxg5 22. Rxh8+ Nxh8 23. e5 Ng6 24. Nce4 g4 25. Ng5 Ke7 26. Nxe6 Kxe6 27. Nc4 Rc8 28. Rd4 b5 29. Ne3 Kxe5 30. Rxg4 Rh8 31. a4 a6 32. Rg5+ Ke6 33. Kd2 Ne5 34. f4 Rd8+ 35. Kc3 Ng6 36. Rc5 Kd6 37. Rf5 Ke6 38. g4 Rc8 39. g5 Ke7 40. Rf6 Rc7 41. Ng4 a5 42. Ne5 Nxe5 43. fxe5 bxa4 44. g6 fxg6 45. Rxg6 Kf7 46. Rh6 Rc8 47. Rh2 Rb8 48. Rh4 Rb5 49. Rc4 Rb6 50. Rxa4 Rb5 51. Rc4 c5 52. Re4 Ke6 53. b3 Kd5 54. Re1 Rb8 55. e6 Kd6 56. e7 Re8 57. Kc4 Kc6 58. Re6+ Kd7 59. Kd5 c4 60. Re1 cxb3 61. cxb3 Rxe7 62. Rxe7+ Kxe7 63. Kc5 a4 64. bxa4 Kd7 65. Kb6 Kc8 66. Ka7 Kc7 67. a5 Kc8 68. Ka8 Kc7 69. a6 Kc8 1/2-1/2

[Event "Innsbruck op-B 1st"]
[Site "Innsbruck"]
[Date "2017.09.01"]
[Round "8"]
[White "Sporer, Georg"]
[Black "Schwarz, Benedikt"]
[Result "1-0"]
[WhiteElo "1692"]
[BlackElo "1570"]
[PlyCount "79"]
[EventDate "2017.08.25"]
[EventType "swiss"]
[EventRounds "9"]
[EventCountry "AUT"]
[SourceTitle "CBM 180 Extra"]
[Source "ChessBase"]
[SourceDate "2017.10.06"]
[SourceVersion "1"]
[SourceVersionDate "2017.10.06"]
[SourceQuality "1"]

1. e4 e6 2. d4 d5 3. e5 c5 4. c3 Nc6 5. Nf3 Bd7 6. a3 f6 7. Bf4 Qc7 8. Bd3 0-0-0 9. b4 c4 10. Bc2 h6 11. h4 f5 12. Nbd2 Be8 13. h5 g5 14. hxg6 Bxg6 15. Qb1 Be7 16. a4 h5 17. Ng5 Qd7 18. Ndf3 Nh6 19. a5 a6 20. Ba4 b5 21. axb6 Kb7 22. b5 axb5 23. Qxb5 Ra8 24. 0-0 Bf7 25. Qxc6+ Qxc6 26. Bxc6+ Kxc6 27. Rxa8 Rxa8 28. Nxe6 Bxe6 29. Bxh6 Kxb6 30. Bg5 Bf8 31. Nh4 Kc7 32. Ng6 Bf7 33. Nf4 Bg8 34. Re1 Re8 35. Nxh5 Be7 36. Ng7 Bxg5 37. Nxe8+ Kd8 38. Nf6 Bf7 39. e6 Be8 40. e7+ 1-0